| 000 | 00396nam a2200169Ia 4500 | ||
|---|---|---|---|
| 001 | 18809 | ||
| 003 | IN-NITTTR | ||
| 005 | 20251114233218.0 | ||
| 008 | 251113s9999||||xx |||||||||||||| ||eng|| | ||
| 040 | _beng | ||
| 040 | _cIN-NITTTR | ||
| 041 | _aeng | ||
| 082 | _a004.01 J71I | ||
| 100 | _aJones, Oliver | ||
| 245 | 0 |
_aIntroduction to the X window system. / _cJones, Oliver |
|
| 942 |
_2ddc _cBK |
||
| 999 |
_c21443 _d21443 |
||